000 00222nam a2200085Ia 4500
245 0 _aManaging the land
100 _a DALGLEISH, Sharon Philadelphia, 2003
942 _cBK
008 210817s9999 xx 000 0 und d
999 _c397672
_d397671